000
00275nam a22001217a 4500
020
_a
81-8022-087-7
082
_a
823
_b
PRI/C
100
_a
PRIORITY PUBLICATIONS
245
_a
CONTRACTION
260
_a
INDIA
_b
PRIORITY PUBLICATION
650
_a
ENGLISH SHORT STORY
942
_c
BK
999
_c
3404
_d
3404